Países produtores de milho - Statistics

Estatísticas Gerais
  • Esse quiz foi jogado 140 vezes
  • A pontuação média é 6 de 9
Estatísticas das Respostas
Hint Resposta % Correto
3 BRASIL
100%
1 ESTADOS UNIDOS
98%
2 CHINA
92%
9 ÍNDIA
75%
4 FRANÇA
74%
8 ITÁLIA
71%
6 POLÔNIA
44%
5 ROMÊNIA
29%
7 HUNGRIA
25%
Nenhum quiz correspondente encontrado
Distribuição das Pontuações
Porcentagem de Pessoas com Cada Pontuação
Percentil de Números Respondidos
Sua Pontuação Histórica
Você não jogou esse quiz